000 01273nam a2200241Ia 4500
003 Ost
005 20260507075454.0
008 260507s9999||||xx |||||||||||||| ||und||
020 _a5104079957
040 _cfsecg
041 _aara
082 _a657
100 _aعارف، حسين ناجي
_eمؤلف
245 0 _aمبادئ المحاسبة /
_c حسين ناجي عارف
260 _aعمان:
_bدار يافا العلمية للنشر و التوزيع,
_c2006
300 _a204 صفحة؛
_bإيضاحات ؛
_c24 سم
504 _aملاحق ص.199
520 _aيعنى هذا الكتاب -في جزئه الثاني- بمبادئ المحاسبة، استكمالا لما جاء في جزئه الأول، وذلك من خلال ستة وحدات، جاءت عناوينها على النحو التالي: الجرد، وجرد الأصول الثابتة، وجرد الأصول المتداولة، وجرد الحسابات الوهمية، وأثر التسويات الجردية على قائمة الدخل والمركز المالي، وأخيرا الطرق المحاسبية والدفاتر المساعدة.
653 _aالدفاتر
653 _aالمحاسبة
653 _aجرد الحسابات
942 _cكتاب
999 _c44655
_d44655